00429nam a2200157Ia 4500008004100000020001800041041000800059082001700067100001300084245006100097260003500158300000900193500002800202650001400230700002700244230125s9999 xx 000 0 und d a81-86816-14-3 aeng a337bPET/VEL aPetras J aGlobalization unmasked : Imperialism in the 21st century c2001bMadhyam booksaNew Delhi a183p aInternational economics aEconomics aPetras J & Veltmeyer H